000 00469nam a2200157 i 4500
001 87355
003 ES-MaACL
005 20230906175644.0
007 t|
008 041221s1967 sp ||||1| spa d
100 1 _aKrull, Wolfgang.
_968913
245 1 0 _aSobre ciertas categorĂ­as de grupos con topologĂ­a de subgrupos /
_cWolfgang Krull.
260 _aZaragoza :
_bFacultad de Ciencias,
_c[1967]
300 _a26 p. ;
_c24 cm.
852 _aES-MaACL
_j2062-F-2
_bR.64103
999 _c87355
_d87355